000 00283nam a2200109Ia 4500
008 200302s9999 xx 000 0 und d
100 _aGrant Hildebrand
245 _aDesigning for Industry
260 _bLibrary of Congress Cataloging in Publication
260 _c1974
300 _a232 P.,
999 _c414
_d414